[Event "Reykjavik op"]
[Site "Reykjavik"]
[Date "2024.03.20"]
[Round "8"]
[White "Skaslien, Ingrid"]
[Black "Pigott, John C"]
[Result "1-0"]
[WhiteElo "1996"]
[BlackElo "2326"]
[PlyCount "87"]
[EventDate "2024.03.15"]
[EventType "swiss"]
[EventRounds "9"]
[EventCountry "ISL"]
[SourceTitle "CBM 219 Extra"]
[Source "ChessBase"]
[SourceDate "2024.05.31"]
[SourceVersion "1"]
[SourceVersionDate "2024.05.31"]
[SourceQuality "1"]

1. d4 Nf6 2. c4 e6 3. Nf3 d5 4. Nc3 c5 5. cxd5 Nxd5 6. e4 Nxc3 7. bxc3 cxd4 8. cxd4 Bb4+ 9. Bd2 Bxd2+ 10. Qxd2 0-0 11. Bc4 Nd7 12. 0-0 b6 13. e5 Bb7 14. Qe3 Rc8 15. Rac1 h6 16. Bd3 Rxc1 17. Rxc1 Qb8 18. Nd2 Rc8 19. Re1 Bd5 20. a4 Rc7 21. Ne4 Qd8 22. Nd6 Nb8 23. Nb5 Rd7 24. Rc1 Nc6 25. f4 Ne7 26. Qd2 Bc6 27. Nd6 Bxa4 28. f5 exf5 29. Qa2 Bc6 30. Qxf7+ Kh8 31. Nxf5 Nd5 32. Qg6 Nf4 33. Qg3 Be4 34. Qxf4 Bxd3 35. Nd6 Qg5 36. Qxg5 hxg5 37. Rc3 Bg6 38. Kf2 a5 39. Rb3 a4 40. Rxb6 Ra7 41. Nb5 Ra5 42. Rxg6 Rxb5 43. Ra6 Rb4 44. e6 1-0

[Event "Reykjavik op"]
[Site "Reykjavik"]
[Date "2023.04.02"]
[Round "7"]
[White "Hoffmann, Sebastian1"]
[Black "Pigott, John C"]
[Result "1-0"]
[WhiteElo "2108"]
[BlackElo "2361"]
[PlyCount "101"]
[EventDate "2023.03.29"]
[EventType "swiss"]
[EventRounds "9"]
[EventCountry "ISL"]
[SourceTitle "EXT 2024"]
[Source "ChessBase"]
[SourceDate "2023.10.10"]
[SourceVersion "1"]
[SourceVersionDate "2023.10.10"]
[SourceQuality "1"]

1. d4 Nf6 2. c4 e6 3. Nc3 Bb4 4. Qc2 0-0 5. a3 Bxc3+ 6. Qxc3 d5 7. Bg5 c5 8. dxc5 d4 9. Qg3 Nbd7 10. b4 e5 11. Rd1 Re8 12. e3 a5 13. Be2 axb4 14. axb4 Ra3 15. Qh4 Rb3 16. exd4 exd4 17. Qxd4 Rxb4 18. Nf3 Ra4 19. Rd2 Qa5 20. Bxf6 Nxf6 21. 0-0 Ne4 22. Rb2 Nxc5 23. Rd1 Ra1 24. h3 Rxd1+ 25. Qxd1 h6 26. Rb5 Qc7 27. Qd4 b6 28. Rb2 Bb7 29. Nh2 Re4 30. Qd1 Qe7 31. Ng4 Re6 32. Ne3 Ne4 33. Qd4 Nc5 34. Bg4 Re4 35. Qd2 Qf6 36. Bf3 Rd4 37. Ng4 Qd6 38. Qe3 Bxf3 39. gxf3 Ne6 40. Qe5 Qd8 41. Ne3 Rh4 42. Nd5 Ng5 43. Kg2 Qd7 44. Ne7+ Kh7 45. Nf5 f6 46. Qd5 Qxd5 47. cxd5 Rxh3 48. f4 Rf3 49. Rb4 Rd3 50. fxg5 Rxd5 51. g6+ 1-0

[Event "Reykjavik op"]
[Site "Reykjavik"]
[Date "2023.03.29"]
[Round "1"]
[White "Laddha, Yash Jayesh"]
[Black "Pigott, John C"]
[Result "1-0"]
[WhiteElo "2067"]
[BlackElo "2361"]
[PlyCount "49"]
[EventDate "2023.03.29"]
[EventType "swiss"]
[EventRounds "9"]
[EventCountry "ISL"]
[SourceTitle "CBM 213 Extra"]
[Source "ChessBase"]
[SourceDate "2023.05.31"]
[SourceVersion "1"]
[SourceVersionDate "2023.05.31"]
[SourceQuality "1"]

1. e4 c5 2. Nf3 d6 3. d4 cxd4 4. Nxd4 Nf6 5. Nc3 a6 6. h3 Nc6 7. g4 g6 8. Bg2 Nxd4 9. Qxd4 Bg7 10. Be3 0-0 11. Qd2 Be6 12. 0-0-0 Qc7 13. Kb1 Rfc8 14. f4 Nd7 15. Bd4 Bxd4 16. Qxd4 Qa5 17. f5 Bc4 18. e5 Nxe5 19. Bxb7 Rab8 20. Bxc8 Rxc8 21. f6 exf6 22. b3 Bxb3 23. axb3 Rxc3 24. Qxd6 Kg7 25. g5 1-0

[Event "BCF-chT2 2223 (4NCL)"]
[Site "England"]
[Date "2023.02.12"]
[Round "6.33"]
[White "Wilks, Simon"]
[Black "Pigott, John C"]
[Result "1/2-1/2"]
[WhiteElo "2213"]
[BlackElo "2358"]
[PlyCount "30"]
[EventDate "2022.10.22"]
[EventType "team-tourn"]
[EventRounds "11"]
[EventCountry "ENG"]
[SourceTitle "EXT 2024"]
[Source "ChessBase"]
[SourceDate "2023.10.10"]
[SourceVersion "1"]
[SourceVersionDate "2023.10.10"]
[SourceQuality "1"]
[WhiteTeam "Schach Attack"]
[BlackTeam "Barbican"]
[WhiteTeamCountry "ENG"]
[BlackTeamCountry "ENG"]

1. e4 c5 2. Nf3 d6 3. d4 cxd4 4. Qxd4 Nc6 5. Bb5 Bd7 6. Bxc6 bxc6 7. 0-0 e5 8. Qd3 Qc7 9. c4 Ne7 10. Rd1 Ng6 11. Nc3 Be7 12. Bg5 f6 13. Be3 Bg4 14. c5 dxc5 15. Na4 Bxf3 1/2-1/2

[Event "BCF-chT2 2223 (4NCL)"]
[Site "England"]
[Date "2023.01.14"]
[Round "3.34"]
[White "Coathup, Roger"]
[Black "Pigott, John C"]
[Result "0-1"]
[WhiteElo "2137"]
[BlackElo "2358"]
[PlyCount "108"]
[EventDate "2022.10.22"]
[EventType "team-tourn"]
[EventRounds "11"]
[EventCountry "ENG"]
[SourceTitle "EXT 2024"]
[Source "ChessBase"]
[SourceDate "2023.10.10"]
[SourceVersion "1"]
[SourceVersionDate "2023.10.10"]
[SourceQuality "1"]
[WhiteTeam "North East England"]
[BlackTeam "Barbican"]
[WhiteTeamCountry "ENG"]
[BlackTeamCountry "ENG"]

1. d4 Nf6 2. c4 g6 3. Nc3 Bg7 4. e4 d6 5. Be2 0-0 6. Bg5 c5 7. d5 h6 8. Bf4 e6 9. Nf3 exd5 10. exd5 Bf5 11. 0-0 Ne4 12. Nxe4 Bxe4 13. Bd3 Qf6 14. Bxe4 Qxf4 15. Qc2 Nd7 16. Rae1 Rfe8 17. h3 Ne5 18. Nxe5 Bxe5 19. g3 Qf6 20. b3 Re7 21. Kg2 Rae8 22. Bd3 Bd4 23. Rxe7 Rxe7 24. Qd2 Kg7 25. Qf4 Qxf4 26. gxf4 f5 27. Kf3 Kf6 28. h4 h5 29. Rg1 Kf7 30. Rb1 Bf6 31. Kg3 Bc3 32. Rc1 Bd2 33. Rc2 Ba5 34. Rc1 Re1 35. Rxe1 Bxe1 36. b4 cxb4 37. Bc2 Ke7 38. Ba4 Bc3 39. Kg2 Bf6 40. Kh3 Kd8 41. Kg3 a5 42. Bb5 Kc7 43. Kf3 Kb6 44. Ke3 Kc5 45. Kd3 Bxh4 46. Be8 Bxf2 47. Bxg6 h4 48. Bxf5 Bg3 49. Bd7 Bxf4 50. Ke4 Bg3 51. Bb5 h3 52. Kf3 h2 53. Kg2 Be5 54. Kh1 Kd4 0-1

[Event "BCF-chTa 1920 (4NCL)"]
[Site "Daventry"]
[Date "2020.03.01"]
[Round "2.24"]
[White "Harvey, Marcus Ross"]
[Black "Pigott, John C"]
[Result "1-0"]
[WhiteElo "2434"]
[BlackElo "2370"]
[PlyCount "109"]
[EventDate "2019.11.09"]
[EventType "team-tourn"]
[EventRounds "11"]
[EventCountry "ENG"]
[SourceTitle "CBM 195 Extra"]
[Source "ChessBase"]
[SourceDate "2020.05.31"]
[SourceVersion "1"]
[SourceVersionDate "2020.05.31"]
[SourceQuality "1"]
[WhiteTeam "Wood Green"]
[BlackTeam "Barbican"]
[WhiteTeamCountry "ENG"]
[BlackTeamCountry "ENG"]

1. c4 e5 2. Nc3 d6 3. g3 f5 4. d4 Be7 5. Bg2 c6 6. dxe5 dxe5 7. Qc2 Nf6 8. Bg5 0-0 9. Nf3 e4 10. Rd1 Qe8 11. Nd4 Qh5 12. Bf4 Na6 13. f3 exf3 14. exf3 Qf7 15. b3 Re8 16. 0-0 g6 17. Be3 Nc5 18. Rfe1 Bd7 19. Kh1 a5 20. Bg1 Bf8 21. f4 Rxe1 22. Rxe1 Re8 23. Rxe8 Qxe8 24. Nf3 Bc8 25. Ne5 Nfd7 26. Nf3 Qe7 27. Bd4 Ne6 28. Bf2 Qb4 29. Be1 Qd6 30. Na4 b6 31. Bf2 c5 32. Qe2 Bg7 33. Qd2 Qxd2 34. Nxd2 Nd8 35. Bd5+ Kh8 36. Nb1 Bb7 37. Nbc3 Bxc3 38. Nxc3 Kg7 39. Be1 Kf6 40. Kg2 Bxd5+ 41. Nxd5+ Ke6 42. Nxb6 Nxb6 43. Bxa5 Nxc4 44. Bxd8 Nd2 45. Kf2 Kd5 46. Ke2 Ne4 47. Ke3 Kc6 48. a4 Kd7 49. Ba5 Kc6 50. b4 cxb4 51. Bxb4 Nf6 52. Kd4 Ng4 53. h4 Nf2 54. Be1 Ne4 55. Ke5 1-0

[Event "GBR-ch 106th"]
[Site "Torquay"]
[Date "2019.07.27"]
[Round "1"]
[White "Pigott, John C"]
[Black "Krzyzanowski, Patryk"]
[Result "1-0"]
[WhiteElo "2384"]
[BlackElo "2114"]
[PlyCount "93"]
[EventDate "2019.07.27"]
[EventType "swiss"]
[EventRounds "9"]
[EventCountry "ENG"]
[SourceTitle "CBM 191 Extra"]
[Source "ChessBase"]
[SourceDate "2019.09.30"]
[SourceVersion "1"]
[SourceVersionDate "2019.09.30"]
[SourceQuality "1"]

1. e4 c5 2. Nf3 g6 3. c4 Nc6 4. d4 cxd4 5. Nxd4 Nf6 6. Nc3 d6 7. f3 Nxd4 8. Qxd4 Bg7 9. Be3 Be6 10. Qd2 Rc8 11. b3 b5 12. e5 Nd7 13. Nxb5 Nxe5 14. Rd1 a6 15. Nd4 Bd7 16. Be2 0-0 17. 0-0 a5 18. Kh1 a4 19. f4 Nc6 20. b4 Nxd4 21. Bxd4 Bxd4 22. Qxd4 Bc6 23. a3 Qc7 24. Rfe1 Rfd8 25. Bf1 Bb7 26. Rc1 Rd7 27. Rc3 Qd8 28. Rce3 Ba6 29. f5 g5 30. h4 h6 31. Qg4 f6 32. b5 Bb7 33. Qh5 e5 34. fxe6 Rg7 35. e7 Qe8 36. Qxh6 f5 37. Qe6+ Kh8 38. Qh6+ Kg8 39. Qxd6 Be4 40. Rxe4 fxe4 41. Rxe4 Qf7 42. Qd8+ Kh7 43. Bd3 Rg8 44. Rf4+ Kh8 45. Rxf7 Rgxd8 46. exd8Q+ Rxd8 47. Be4 1-0

[Event "BCF-chT1c 1819 (4NCL) Promotion pool"]
[Site "England"]
[Date "2019.05.05"]
[Round "10.34"]
[White "Hebden, Mark"]
[Black "Pigott, John C"]
[Result "0-1"]
[WhiteElo "2433"]
[BlackElo "2376"]
[PlyCount "80"]
[EventDate "2018.11.10"]
[EventType "team-tourn"]
[EventRounds "11"]
[EventCountry "ENG"]
[SourceTitle "CBM 190 Extra"]
[Source "ChessBase"]
[SourceDate "2019.07.15"]
[SourceVersion "1"]
[SourceVersionDate "2019.07.15"]
[SourceQuality "1"]
[WhiteTeam "Guildford II"]
[BlackTeam "Barbican"]
[WhiteTeamCountry "ENG"]
[BlackTeamCountry "ENG"]

1. d4 Nf6 2. Nc3 d5 3. Bf4 a6 4. e3 e6 5. Nf3 c5 6. Bd3 Nc6 7. 0-0 c4 8. Be2 b5 9. Ne5 Bb7 10. a3 Be7 11. Bf3 0-0 12. h3 Qb6 13. g4 a5 14. Bg2 Nxe5 15. Bxe5 b4 16. Ne2 Bc6 17. a4 Qb7 18. b3 Rac8 19. f3 Qb6 20. Rf2 Bb7 21. Bg3 Ba6 22. Bf1 Rc6 23. Rb1 Rfc8 24. Rg2 Qd8 25. Nf4 Bd6 26. g5 Ne8 27. h4 g6 28. Qe1 Ng7 29. Ne2 Nf5 30. Bf2 cxb3 31. cxb3 Bd3 32. Rb2 Rc2 33. Rxc2 Bxc2 34. Nc1 Rc3 35. Rg4 Qc7 36. e4 Bxe4 37. fxe4 Rxc1 38. Qe2 Rc2 39. Qb5 dxe4 40. Rxe4 Bh2+ 0-1

[Event "Reykjavik op"]
[Site "Reykjavik"]
[Date "2019.04.13"]
[Round "6"]
[White "Pigott, John C"]
[Black "Stefansson, Benedikt"]
[Result "1-0"]
[WhiteElo "2384"]
[BlackElo "1395"]
[PlyCount "65"]
[EventDate "2019.04.08"]
[EventType "swiss"]
[EventRounds "9"]
[EventCountry "ISL"]
[SourceTitle "CBM 189 Extra"]
[Source "ChessBase"]
[SourceDate "2019.05.31"]
[SourceVersion "1"]
[SourceVersionDate "2019.05.31"]
[SourceQuality "1"]

1. c4 Nf6 2. g3 g6 3. Bg2 Bg7 4. d4 d5 5. cxd5 Nxd5 6. Nf3 0-0 7. 0-0 b6 8. e4 Nf6 9. Nc3 Bb7 10. Re1 e6 11. Bf4 a6 12. Qc2 Nbd7 13. Rad1 Qc8 14. Qc1 b5 15. e5 Nd5 16. Bh6 Nxc3 17. Bxg7 Kxg7 18. Qxc3 Nb6 19. Rc1 Nd5 20. Qd2 Qd8 21. Ng5 Qe7 22. Rc5 h6 23. Ne4 Rac8 24. Rec1 Rfd8 25. h4 Nb6 26. b3 Bxe4 27. Bxe4 Nd5 28. Rc6 Nb4 29. R6c5 Nd5 30. Qa5 Rd7 31. Bxd5 exd5 32. Qxa6 g5 33. Qxc8 1-0

[Event "Reykjavik op"]
[Site "Reykjavik"]
[Date "2019.04.09"]
[Round "2"]
[White "Lupulescu, Constantin"]
[Black "Pigott, John C"]
[Result "1-0"]
[WhiteElo "2634"]
[BlackElo "2384"]
[PlyCount "179"]
[EventDate "2019.04.08"]
[EventType "swiss"]
[EventRounds "9"]
[EventCountry "ISL"]
[SourceTitle "CBM 189 Extra"]
[Source "ChessBase"]
[SourceDate "2019.05.31"]
[SourceVersion "1"]
[SourceVersionDate "2019.05.31"]
[SourceQuality "1"]

1. Nf3 d5 2. e3 Nf6 3. c4 e6 4. Nc3 c5 5. cxd5 Nxd5 6. Bb5+ Nc6 7. Ne5 Qc7 8. Nxc6 bxc6 9. Be2 Be7 10. Qc2 Nb4 11. Qa4 0-0 12. 0-0 Rd8 13. f4 a5 14. Ne4 Nd3 15. Bxd3 Rxd3 16. Qc2 Ba6 17. Rf3 c4 18. b3 cxb3 19. axb3 Qb6 20. Ba3 Bxa3 21. Rxa3 Rad8 22. Rg3 Kh8 23. h3 Qb4 24. Ra4 Qxb3 25. Qxb3 Rxb3 26. Rxa5 Bd3 27. Nd6 Kg8 28. Ra7 Rf8 29. e4 c5 30. e5 c4 31. Kh2 Rb2 32. Rd7 h6 33. h4 Rc2 34. Re3 Ra2 35. h5 Rc2 36. Kg3 Ra2 37. Kh2 Rc2 38. Kg3 Ra2 39. Kh4 Rc2 40. g4 Rc1 41. g5 Rf1 42. Kg3 Rg1+ 43. Kh2 Rd1 44. Kg3 Rg1+ 45. Kh4 Rf1 46. gxh6 Rxf4+ 47. Kg3 Rf1 48. hxg7 Kxg7 49. Rf3 Rxf3+ 50. Kxf3 Kh6 51. Rxf7 Rxf7+ 52. Nxf7+ Kxh5 53. Kf4 Kh4 54. Ng5 Bf5 55. Nf3+ Kh5 56. Nd4 Bh3 57. Nb5 Kg6 58. Na3 Bf1 59. Nc2 Bd3 60. Nd4 Kf7 61. Kg5 Bf1 62. Kh6 Bd3 63. Nb5 Bf1 64. Nd6+ Ke7 65. Kg7 Bd3 66. Nb5 Bf5 67. Nd4 Be4 68. Ne2 Bd3 69. Nf4 Bf5 70. Ng6+ Ke8 71. Kf6 Bg4 72. Kg5 Bf5 73. Nh4 Bd3 74. Kf6 Kd7 75. Ng6 Kc6 76. Nf4 Bf1 77. Kxe6 Kc5 78. Kd7 Kd4 79. e6 c3 80. dxc3+ Kxc3 81. e7 Bb5+ 82. Kd6 Kc4 83. Nd5 Be8 84. Nf6 Bf7 85. Ng4 Be8 86. Ke6 Kc5 87. Nf6 Bg6 88. Ne4+ Kc6 89. Nd6 Kc7 90. Nf7 1-0

[Event "BCF-chT1c 1819 (4NCL) Promotion pool"]
[Site "England"]
[Date "2019.03.17"]
[Round "8.33"]
[White "Pigott, John C"]
[Black "Fodor, Tamas Jr"]
[Result "0-1"]
[WhiteElo "2389"]
[BlackElo "2528"]
[PlyCount "86"]
[EventDate "2018.11.10"]
[EventType "team-tourn"]
[EventRounds "11"]
[EventCountry "ENG"]
[SourceTitle "CBM 189 Extra"]
[Source "ChessBase"]
[SourceDate "2019.05.31"]
[SourceVersion "1"]
[SourceVersionDate "2019.05.31"]
[SourceQuality "1"]
[WhiteTeam "Barbican"]
[BlackTeam "Cheddleton"]
[WhiteTeamCountry "ENG"]
[BlackTeamCountry "ENG"]

1. c4 b6 2. Nc3 Bb7 3. e4 e6 4. Nf3 Nf6 5. Bd3 Bb4 6. e5 Ng4 7. 0-0 Nc6 8. Re1 d6 9. Be4 Ngxe5 10. Qa4 Bxc3 11. Nxe5 Bxe5 12. Bxc6+ Bxc6 13. Qxc6+ Kf8 14. Rd1 Bd4 15. a4 a5 16. Ra3 g6 17. Rf3 Kg7 18. d3 Qe7 19. Re1 e5 20. b3 Rae8 21. Qe4 f5 22. Qe2 h6 23. Rg3 Qf6 24. Bd2 f4 25. Rh3 h5 26. Kh1 Qf5 27. Rf1 Ref8 28. Qf3 Rf7 29. Rh4 Qf6 30. Rh3 h4 31. Qe2 g5 32. f3 Qf5 33. Be1 c6 34. Qe4 Qxe4 35. fxe4 Kg6 36. g4 d5 37. Rhf3 h3 38. Bf2 dxe4 39. dxe4 Bxf2 40. R1xf2 Rd7 41. Kg1 Rh4 42. Kf1 Rd1+ 43. Ke2 Rd4 0-1

[Event "Gibraltar Masters 17th"]
[Site "Caleta"]
[Date "2019.01.29"]
[Round "8"]
[White "Gavrilescu, David"]
[Black "Pigott, John C"]
[Result "0-1"]
[WhiteElo "2479"]
[BlackElo "2387"]
[PlyCount "44"]
[EventDate "2019.01.22"]
[EventType "swiss"]
[EventRounds "10"]
[EventCountry "GGB"]
[SourceTitle "CBM 188 Extra"]
[Source "ChessBase"]
[SourceDate "2019.02.28"]
[SourceVersion "1"]
[SourceVersionDate "2019.02.28"]
[SourceQuality "1"]

1. e4 d6 2. d4 Nf6 3. Nc3 g6 4. Be3 c6 5. Qd2 b5 6. f3 Bg7 7. 0-0-0 Qa5 8. Kb1 Nbd7 9. g4 Nb6 10. Bh6 Bxh6 11. Qxh6 Be6 12. d5 cxd5 13. Bxb5+ Kd8 14. Nge2 dxe4 15. Qg5 Nbd5 16. fxe4 h6 17. Qd2 Nxc3+ 18. Qxc3 Qxa2+ 19. Kc1 Qa1+ 20. Kd2 Nxe4+ 21. Ke3 Nxc3 22. Rxa1 Nxb5 0-1